000
00203 a2200097 4500
001
2847
100
_a
Walker, H
245
_a
The age of tennyson
260
_a
_b
G bell and sons
_c
090
_c
2142
_d
2142
942
_a
NUST-CAE
_c
M
_c
12692
999
_c
237920
_d
237920